000 00506nam a22001817a 4500
003 BD-ChCU
005 20260210132510.0
008 260210b bg ||||| |||| 00| 0 ben d
040 _cBD-ChCU
082 _a511 TAA
100 _aTaylor, E. H. and Mills, C. N.
_920237
245 _aArithmetic :
_bfor teacher - training classes.//
_cTaylor, E. H. and Mills, C. N.
250 _b4th ed.
260 _aNew York
_bHolt.
_c1961
300 _aix, 438p
650 0 _aArithmetic.
_920238
942 _2ddc
_cBK
_n0
999 _c111557
_d111557